Normal view
MARC view
- SUPERVISOR, DR KUNAWAR FARAZ
Entry Personal Name
001 - CONTROL NUMBER
- control field: 72427
003 - CONTROL NUMBER IDENTIFIER
- control field: NUST
005 - DATE AND TIME OF LATEST TRANSACTION
- control field: 20210628204808.0
008 - FIXED-LENGTH DATA ELEMENTS
- fixed length control field: 210628|| aca||aabn | a|a d
040 ## - CATALOGING SOURCE
- Original cataloging agency: NUST
- Transcribing agency: NUST
100 ## - HEADING--PERSONAL NAME
- Personal name: SUPERVISOR, DR KUNAWAR FARAZ
670 ## - SOURCE DATA FOUND
- Source citation: Work cat.: (NUST): ARSLAN,WAQAS,NOUMAN 72425, PR-SOF-1086-IN DEPTH STUDY OF PROE CAM MODULE AND IMPLEMENTATION OF CIM CONCEPTS, 2011
